MDQL
is popping MORE tags! Check the
thread
!
Quizzes
Events
Quiz Creation
Community
Videos
Private Events
Remove Ads
Sign In
Join for FREE
Feedback
Dark Mode
Quiz Categories
Sports
Geography
Music
Movies
Television
Just For Fun
Miscellaneous
History
Literature
Language
Science
Gaming
Entertainment
Religion
Holiday
For Kids
Quiz Lab
Recent
Popular Today
Quiz Kudos Today
Editor Picks
Curator Picks
Quizzes by...
Day
Popularity
Type
Ratings
Length
Year
Community
Subscriptions
Recent Discussions
Orange Saloon
Badges
Playlists
Quests
Create
Leaderboards
Showdown
Live 5
Trivia Bingo
Activity
Puzzle Library
Sporcle Events
Private Events
Virtual Trivia
Globe League
Become a Host
Pub Owners
SporcleCon
Opinionation
Our Games
Videos
Blog
Mobile Apps
Partnerships
Remove Ads and Go Orange
Feedback
Music
Pop Music
The Beatles
Song
Album
Lyrics
Bands
Singers
Artist
Clip
Rock
Rap
Classical
Billboard
Country Music
Kpop
Taylor Swift
Music
Pop Music
The Beatles
Song
Album
Lyrics
Bands
Singers
Artist
Clip
Rock
Rap
Classical
Billboard
Country Music
Kpop
Taylor Swift
Random Quiz
Search Sporcle
×
Quiz Lab
Quiz Lab
Music
Kpop
Type in answers that appear in a list
Type in answers that appear in a list
Classic
Best Score? Go Orange.
Kpop Engrish Stats
Engrish in Kpop
By
kaisakarkinen16
15m
30 Questions
757 Plays
757 Plays
757 Plays
Comments
Comments
Give Quiz Kudos
Give Quiz Kudos
-
- Ratings
hide this ad
More Info
Replay
Link that replays current quiz
Next Quiz
Link to next quiz in quiz playlist
You Got
0%
They Got
Avg Score
40%
Avg Friend Score
Upgrade to see
Score Distribution
Jump to the score distribution portion of the page
Score
0/30
Timer
15:00
0
Plays Today
Engrish
Song
% Correct
[Latin gibberish] [latin gibberish] [latin gibberish] No one who care about me~
MAMA
83.2%
Loverholic Robotronic Loverholic Robotronic
Lucifer
77.4%
I got you~~ under my skin
Mirotic
75.3%
The loof, the loof, the loof is on fiyah
Hurricane
72.5%
Because I naughty naughty
Mr. Simple
71.2%
Oh my mazic, mazic, mazic
Magic
65.8%
Lolly poly lolly lolly poly
Roly Poly
65.7%
Oh my _
_
_
_
_
_
_
_
_
_
_
_
_
_
_
_
_
, you joom joom my heart like a locket~
Beautiful Target
55.7%
I'm hurtsick, hear me, be crazy~
Bad Girl
49.3%
I wanna gaship girl~ I wanna gaship girl~ I wanna gaship, the sexy, and pretty
Gossip Girl
46.8%
You got a messeji~
Message
44.6%
Nothing sober, nothing sober~
Nothing's Over
42%
Can't breathe, like freeze
Shock
41.2%
You're not a batgirl
Janus
40.3%
F*ck us, zoom zoom zoom
Freeze
40%
Engrish
Song
% Correct
I don't know, I don't know, I don't know but I'm hard, hard~
Nalina
39.9%
Don't deny our r squared pi
0330
35%
Latin girl, Mexican girl, Korean girl, Japan girl
Mazeltov
33%
You shart right through my heart, I will fart for you
Voodoo Doll
32.2%
Crab man~, mad man~
Clap
31.3%
I really wanna touch myself
Purple Line
31.2%
We gon' take it to the next revel
Nillili Mambo
25.9%
If you wanna pretty, every wanna pretty
Pretty Girl
23.2%
Hey, boy, you make me feel like weak girl, don't worry baby now I'm falling love... with you
Twinkle Twinkle
22.5%
Hey do you, do you, do you now
To You
21.8%
Yo ma yo ma lova lova yo ma yo ma supa nova
YaYaYa
19.3%
4 minute ****, 4 minute ****
Mirror Mirror
18.4%
I remember when you walked through that door, sat down on that chair~
Cafe
12.5%
You look like a door
Dangerous
3.4%
I want you in my pants, I want you in my pants baby~
I.D.S
2.2%
Quiz Playlist
Details
Report
Send in Message
Add To Playlist
More Info:
What song is this funny/bad English from? Have a sense of humour, please
Classic:
Type in answers that appear in a list
Last Updated: Feb 16, 2017
Quiz Scoreboard
CHALLENGE
Sign Up to Join the Scoreboard
Show All
Scores
Hide
Comments
May contain spoilers
Recently Published
Colored Red Africa Blitz
by spor1
Geography
30s
Find the 'City' Movie
by crazypaving
Movies
60s
5x2 Blitz: Bands
by SL_Kpop136
Music
30s
More to Explore
Quiz From the Vault
Featured Blog Post
14 Easter Pick-up Lines to Find Eggs With
hide this ad
You Might Also Like...
Tags
Kpop Quiz
Kpop Quiz
Today's Top Quizzes in Music
Browse Music
hide this ad
Today's Top Quizzes in Kpop
Browse Kpop
Top Contributed Quizzes in Music
1
5X2 Blitz: Bands II
2
Taylor Swift All Songs (2024)
3
Taylor Swift Logic Puzzle II
4
5X2 Blitz: The Beatles
5
5X2 Blitz: Billboard
6
Taylor Swift Logic Puzzle
7
5X2 Blitz: Billboard II
8
5X2 Blitz: Album
9
5X2 Blitz: Singers
10
Music Artist by Three 2010s hits
Explore More
Trending Topics
Harry Potter
Kpop
Disney
Crossword
Anime
Marvel
NBA
NFL
Puzzle
Country
Pokémon
WWE
Song
The Office
Soccer
hide this ad
More By:
kaisakarkinen16
Quiz
Plays
Rating
Category
Featured
Created
Kpop A to Z
795
3.00
Music
Oct 7, 2014
Kpop Engrish
757
2.50
Music
Oct 1, 2014
How many Kpop groups can you name?
543
1.50
Music
Sep 18, 2014
Kpop songs
439
2.67
Music
Sep 19, 2014
Guess the Kpop songs
395
Music
Mar 21, 2015
Go to Creator's Profile
Score Distribution
Quiz Creator Spotlight
kaisakarkinen16
Follow
Send a Message
Quizzes Created
-
Created Quiz Play Count
-
More By This Creator
Popular Quizzes Today
1
Colored Red Africa Blitz
2
Find the 'City' Movie
3
Find the US States - No Outlines Minefield
4
5x2 Blitz: Bands
5
The Countries of the World
6
Find the US States
7
US States
8
9x9 Crossword: Cartoon Network
More Music Quizzes
The Final Word: Queen Songs
Published
Trending Quizzes
Colored Red Europe Blitz I
Colored Red Europe Blitz II
Colored Red Africa Blitz II
Colored Red Africa Blitz III
Colored Red Europe Blitz III
Recently Updated
Grab Bag: 4-10 Letters
pecheneg
2024 March Madness Bracket
pecheneg
Famous TV Couples
Peacemaker
Champions League XIs: Real Madrid
pecheneg
Largest US Cities 1790-2010
pecheneg
Rides in Walt Disney World
pecheneg
Most Oscar Losses (Acting)
pecheneg
Beyoncé Albums
pecheneg
Leaping Animals
pecheneg
Reality TV Shows (A-Z)
bhenderson79
Trending Topics
Crossword
Marvel
Anime
Harry Potter
Kpop
NBA
Disney
Country
WWE
NFL
Puzzle
Song
Soccer
The Office
Pokémon
Your Account Isn't Verified!
In order to create a playlist on Sporcle, you need to verify the email address you used during registration. Go to your
Sporcle Settings
to finish the process.
Report this User
Report this user for behavior that violates our
Community Guidelines
.
Details:
Send Report
Go to the Sporcle.com Mobile Site →
Comments